00426nam a2200145Ia 4500100002100000942000700021654001600028245004600044260003300090082001600123300000800139546001200147999001700159952010400176 aCobbold/ R.S.C.  cBK atransducers aTransducers for Biomedical measurement bJohn WileyaNew Delhic1974 a610.28bCOB a486 aENGLISH c27625d27625 001040708CRCaCRCEbCRCEc1496 | 69d2023-03-17l0o610.28 COBp9460r2023-03-17w2023-03-17yBK